| 000 | 005190000a22002050004500 | ||
|---|---|---|---|
| 999 |
_c48969 _d48969 |
||
| 001 | 1813 | ||
| 003 | CO-MdFUSB | ||
| 005 | 20170918152356.0 | ||
| 008 | 170918b xxu||||| |||| 00| 0 eng d | ||
| 020 | _a84-8055-056-2 | ||
| 040 | _cCO-MdBIC | ||
| 082 | 0 | 4 | _a500 C899z |
| 245 | 1 | 0 | _aAtlas de zoología : el mundo de los animales |
| 250 | _aEdición MMV | ||
| 260 | _aBarcelona : Cultural de Ediciones | ||
| 300 | _a112P. | ||
| 500 | _aIncluye índice de materias | ||
| 650 | 1 | 4 | _aZoología -- Atlas |
| 942 | _cLGB | ||